La guerra silenciosa (Registro nro. 8265)

Detalles MARC
000 -LEADER
fixed length control field 01474 a2200241 4500
001 - CONTROL NUMBER
control field 63658
005 - DATE AND TIME OF LATEST TRANSACTION
control field 20260407155935.0
008 - FIXED-LENGTH DATA ELEMENTS--GENERAL INFORMATION
fixed length control field 260407a2025 arg spa d
003 - CONTROL NUMBER IDENTIFIER
control field AR-UNSa-BCEJYS
040 ## - CATALOGING SOURCE
Original cataloging agency AR-UNSa-BCEJYS
Language of cataloging spa
Transcribing agency AR-UNSa-BCEJYS
080 ## - UNIVERSAL DECIMAL CLASSIFICATION NUMBER
Universal Decimal Classification number 340.12
Common auxiliary subdivision Tendencias en la teoría del derecho. Escuelas, doctrinas jurídicas. Filosofía del derecho. Teorías sobre el Estado y el derecho<br/>
020 ## - INTERNATIONAL STANDARD BOOK NUMBER
International Standard Book Number 978-950-23-2849-2
041 ## - LANGUAGE CODE
Language code of text/sound track or separate title spa
100 1# - MAIN ENTRY--PERSONAL NAME
Personal name Corti, Horacio Guillermo
245 10 - TITLE STATEMENT
Title La guerra silenciosa
Name of part/section of a work Lecturas de filosofía del derecho
250 ## - EDITION STATEMENT
Edition statement 2a. ed.
264 #1 - PRODUCTION, PUBLICATION, DISTRIBUTION, MANUFACTURE, AND COPYRIGHT NOTICE
Place of production, publication, distribution, manufacture Buenos Aires :
Name of producer, publisher, distributor, manufacturer Universidad de Buenos Aires. Facultad de Derecho. Departamento de Publicaciones
Date of production, publication, distribution, manufacture, or copyright notice 2025
300 ## - PHYSICAL DESCRIPTION
Extent 562 p.
Dimensions 23 cm.
505 ## - FORMATTED CONTENTS NOTE
Formatted contents note Primera Parte: El discurso jurídico: sobre Carlos Alchourrón y Eugenio Bulygin o de cómo la mente lógica deviene política de poder e historia narrativa - Segunda Parte: El viejo cuento de la cooperación: Sobre Carlos Nino o de cómo todos los caminos conducen a la moralidad - Tercera Parte: La clave está en la práctica: sobre la teoría crítica del Derecho I - Cuarta Parte: El imperio del sentido: sobre Hans Kelsen o de cómo volver siempre sobre lo mismo - Quinta Parte: El sujeto de derecho: sobre la teoría crítica del derecho II.
590 ## - LOCAL NOTE (RLIN)
Local note niveau_biblio:m niveau_hierar:0
856 41 - ELECTRONIC LOCATION AND ACCESS
Uniform Resource Identifier <a href="https://www.biblioeco.unsa.edu.ar/pmb/images/libros/L129423.jpg">https://www.biblioeco.unsa.edu.ar/pmb/images/libros/L129423.jpg</a>
Link text Imagen de portada
Electronic format type image/jpeg
942 ## - ADDED ENTRY ELEMENTS (KOHA)
Koha item type
Existencias
Withdrawn status Lost status Damaged status Not for loan Home library Current library Shelving location Date acquired Total checkouts Full call number Barcode Date last seen Price effective from Koha item type
        Biblioteca Prof. Eusebio Cleto del Rey Biblioteca Prof. Eusebio Cleto del Rey   07/04/2026   340.12 C829 2ed. L129423 07/04/2026 07/04/2026 Libro